LEADER 01016nam--2200337---450- 001 990000552280203316 035 $a0055228 035 $aUSA010055228 035 $a(ALEPH)000055228USA01 035 $a0055228 100 $a20010709d1976----km-y0itay0103----ba 101 $aeng 102 $aUS 105 $a||||||||001yy 200 1 $aQuantitative economic policy and planning$etheory and models of economic control$fNicolas Spulber and Ira Horowitz 210 $aNew York$cW.W. Norton & Co.$d1976 215 $aXIV, 413 p.$d23 cm 410 $12001 676 $a338.9 700 1$aSPULBER,$bNicolas$050707 701 1$aHOROWITZ,$bIra$0148570 801 0$aIT$bsalbc$gISBD 912 $a990000552280203316 951 $a338.9 SPU$37243 CBS$c338.9$d00107266 959 $aBK 969 $aSCI 979 $aPATTY$b90$c20010709$lUSA01$h1237 979 $c20020403$lUSA01$h1704 979 $aPATRY$b90$c20040406$lUSA01$h1638 996 $aQuantitative economic policy and planning$9885309 997 $aUNISA LEADER 01080nam a2200289 i 4500 001 991001694529707536 005 20020507150645.0 008 000327s1982 it ||| | ita 020 $a8802037396 035 $ab1155065x-39ule_inst 035 $aLE02723377$9ExL 040 $aDip.to Studi Giuridici$bita 082 0 $a330.3 082 0 $a937 245 02$aL'antichitą classica /$ca cura di Lucio Bertelli ... [et al.] ; con un'introduzione generale di Luigi Firpo 260 $aTorino :$bUTET,$c1982 300 $axix, 978 p., [20] c. di tav. :$bill. ;$c25 cm. 650 4$aCiviltą classica$xStoria 700 1 $aBertelli, Lucio 700 1 $aFirpo, Luigi 774 1 $tStoria delle idee politiche, economiche e sociali 907 $a.b1155065x$b02-04-14$c02-07-02 912 $a991001694529707536 945 $aLE027 300.30 FIR01.01$cV. 1$g1$i2027000179855$lle027$nprezzo in lire 137.000$o-$pE70.75$q-$rl$sm $t0$u0$v0$w0$x0$y.i11750467$z02-07-02 996 $aAntichitą classica$9568953 997 $aUNISALENTO 998 $ale027$b01-01-00$cm$da $e-$fita$git $h2$i1